00860nam a2200229 a 450000100060000000300080000600500170001400800410003102000320007203500190010404000230012304100080014608200240015410000360017824500960021426001540031030000330046450400390049765000210053670000370055783000360059471725BD-RjUL20211209082143.0170507s1986 ne a b 001 0 eng  a9027719489 :c$70.00 (U.S.) a(BD-RjUL)71941 aDLCcDLCdDLCbeng aeng00223a531.5bNAG 19861 aNarlikar, Jayant Vishnu,d1938-10aGravity, gauge theories, and quantum cosmology /cby Jayant V. Narlikar and T. Padmanabhan. aDordrecht, Holland ;aBoston :bReidel ;aNorwell, MA, U.S.A. :bSold and distributed in the U.S.A. and Canada by Kluwer Academic Publishers,cc1986. axv, 468 p. :bill. ;c25 cm. aIncludes bibliographies and index. 0aQuantum gravity.1 aPadmanabhan, T.q(Thanu),d1957- aFundamental theories of physics